| 000 | 00764nam a2200229Ia 4500 | ||
|---|---|---|---|
| 005 | 20220315101841.0 | ||
| 008 | 210716s2010 xx 000 0 und d | ||
| 020 | _a9780070264373 | ||
| 040 | _cAIMIT LIBRARY | ||
| 041 | _aeng | ||
| 082 |
_a658.87 _26 _bLEVM |
||
| 100 |
_aLevy, Michael. _923579 |
||
| 245 |
_aRetailing management / _cBy Michael Levy, Barton A Weitz and Ajay Pandit. |
||
| 250 | _a6th ed. | ||
| 260 |
_aNew Delhi : _bTata McGraw Hill Publishing Company Ltd , _c2010. |
||
| 300 |
_aXxxiii, 776p. ; _c24 cm. |
||
| 650 |
_aManaging merchandise assortments _923580 |
||
| 650 |
_aInformation system and supply chain management _923581 |
||
| 700 |
_aWeitz, Barton A. _923582 |
||
| 700 |
_aPandit, Ajay. _923583 |
||
| 942 |
_2ddc _cBK _e6 _k658.87 LEVM |
||
| 999 |
_c180593 _d180593 |
||